000 00374nam a22001457a 4500
005 20160521121342.0
008 160521b xxu||||| |||| 00| 0 eng d
041 _aeng
082 _b3743
245 _aUniversal Engineering Q.B. (Ananlog and Digital Communication)
260 _bDeepak Prakashan
_c2003
300 _a220
650 _aDIPLOMA ENGINEERING
_9817
942 _cBK
999 _c1299
_d1299